Behandlungsmotivation

Saved in:  
Bibliographic Details
Main Author: Pfäfflin, Friedemann 1945- (Author)
Format: Print Article
Language:German
Published: 1998
In: Entwicklung der Kriminalprävention in Deutschland
Year: 1998, Pages: 93-101
Check availability: HBZ Gateway
Keywords:

MARC

LEADER 00000caa a2200000 c 4500
001 1525890085
003 DE-627
005 20220604104828.0
007 tu
008 160223s1998 xx ||||| 00| ||ger c
020 |a 3930982390 
035 |a (DE-627)1525890085 
035 |a (DE-576)455890080 
035 |a (DE-599)BSZ455890080 
040 |a DE-627  |b ger  |c DE-627  |e rakwb 
041 |a ger 
100 1 |a Pfäfflin, Friedemann  |d 1945-  |0 (DE-588)1015322921  |0 (DE-627)668740256  |0 (DE-576)164221204  |4 aut 
109 |a Pfäfflin, Friedemann 1945-  |a Pfäfflin, F. 1945-  |a Pfäfflin, Friedmann 1945- 
245 1 0 |a Behandlungsmotivation  |c Friedemann Pfäfflin 
264 1 |c 1998 
336 |a Text  |b txt  |2 rdacontent 
337 |a ohne Hilfsmittel zu benutzen  |b n  |2 rdamedia 
338 |a Band  |b nc  |2 rdacarrier 
773 0 8 |i In  |t Entwicklung der Kriminalprävention in Deutschland  |d Mönchengladbach : Forum-Verl. Godesberg, 1998  |g (1998), Seite 93-101  |h IX, 356 S.  |w (DE-627)250930986  |w (DE-576)070534810  |z 3930982390  |7 nnam 
773 1 8 |g year:1998  |g pages:93-101 
935 |a mkri 
951 |a AR 
ELC |b 1 
LOK |0 000 xxxxxcx a22 zn 4500 
LOK |0 001 2899358502 
LOK |0 003 DE-627 
LOK |0 004 1525890085 
LOK |0 005 20251218110110 
LOK |0 008 160208||||||||||||||||ger||||||| 
LOK |0 040   |a DE-21-110  |c DE-627  |d DE-21-110 
LOK |0 689   |a s  |a Maßregelvollzug 
LOK |0 689   |a s  |a Straftäter 
LOK |0 689   |a s  |a Behandlungsmotivation 
LOK |0 689   |a s  |a Behandlung 
LOK |0 689   |a s  |a Rückfallprävention 
LOK |0 852   |a DE-21-110 
LOK |0 852 1  |m p  |9 00 
LOK |0 935   |a k110 
LOK |0 938   |k p 
LOK |0 939   |a 08-02-16  |b l01 
ORI |a SA-MARC-krimdoka001.raw